000 01098cam a2200325 i 4500
001 34651
003 Mx-PuUPA
005 20221205152451.0
008 140415s1983 sp gr 000 e spa d
017 _a24329-1983
020 _a8475302777
_qobra completa
020 _a8475302785
_qtomo 1
020 _a8475302866
_qtomo 2
040 _aMx-PuUPA
_bspa
_cMx-PuUPA
_dMx-PuUPA
_erda
041 1 _aspa
_heng
100 1 _aSchumpeter, Joseph A.,
_eautor
_95263
_d1883-1950
240 1 0 _aCapitalism, socialism and democracy.
_lEspañol
245 1 0 _aCapitalismo, socialismo y democracia /
_cJoseph A. Schumpeter
264 1 _aBarcelona :
_bEdiciones Orbis,
_c©1983
300 _a2 volúmenes (paginación varía) ;
_c21 cm
336 _2rdacontent
_atexto
_btxt
337 _2rdamedia
_asin medio
_bn
338 _2rdacarrier
_avolumen
_bnc
490 0 _aBiblioteca de economía ;
_v4-5
650 7 _aDemocracia
_xSocialismo
_2armarc
942 _2ddc
_h335.5
_iS25
_cLI
999 _c34651
_d34651